000 00895cam a22001935a 4500
001 L156340
008 120514s1867 xxk f 000 0 eng d
035 _a(Sirsi) u156340
041 0 _afre
100 1 _aBouchard-Huzard, Louis
_d1824-1873
245 0 0 _aTraite des constructions rurales et de leur disposition, ou des maisons d'habitation a l'usage des cultivateurs; des logements pour les animaux domestiques, ecuries, etables, bergeries, porcheries, chenils, poulaillers, etc. ... suivi de details sur les modes d'execution et termine par une bibliographie speciale; par Louis Bouchard-Huzard ...
250 _a2. ed., augm. ...
260 _aParis
_bVe Bouchard-Huzard
_c[1867]
300 _a3 pts. in 2 v.
_bill., 186 pl. incl. plans (part fold.)
_c27 cm.
583 _aCondition reviewed
_c20120620
_lcondition level 4 and 4
651 4 _aFrance
690 _aRural
_96268
942 _n0
999 _c114192
_d114192